00474nam a2200157Ia 4500003000900000008004100009020001800050040001600068080001500084100001900099245010400118260004200222300001700264650001400281650002100295IN-BaIIA211028s9999 xx 000 0 eng d a90-277-0635-2 cIIA Library a530.1bMEH aMehra, Jagdish 4aThe Solvay conferences on physicsbaspects of the development of physics since 1911cJagadish Mehra aDordrechtbD. Reidel Publishingc1975 axxxii, 415p. a Physics aNASA Thesaurus